| 000 | 00646nam a22002417a 4500 | ||
|---|---|---|---|
| 005 | 20170124105959.0 | ||
| 010 | _a623388 | ||
| 020 | _c00.00 | ||
| 035 | _a623388 | ||
| 037 | _bCen Lib/Ret | ||
| 040 |
_aDPL _bEN |
||
| 082 |
_a341.135 _bBOY |
||
| 100 |
_aBoyd, Andrew _915330 |
||
| 245 |
_aFifteen men on a powder keg : _cby Andrew Boyd _bhistory of the UN security council / |
||
| 246 | _b | ||
| 260 |
_b11 New fatter lane _c1971 _aLondon |
||
| 270 | _bLondon | ||
| 300 |
_a383p. _c20cm(Hb) |
||
| 500 | _aIncludes index | ||
| 650 |
_alaw _9104 |
||
| 650 |
_aU N security _915331 |
||
| 942 |
_2ddc _cEN _h341.135 _mBOY |
||
| 999 |
_c125734 _d125734 |
||